000 00710nam a22002537a 4500
001 22083
003 UA-OsUOA
005 20210916091817.0
007 ta
008 20031216b un ||||| |||| 00| 0 ukr d
020 _a5-88766-010-4
040 _aUA-OsUOA
_brus
_cUA-OsUOA
_dUA-OsUOA
041 _arus
044 _aRU
080 _a008(09)(470)
090 _a008(09)(470)
_bИ32
245 _aИз истории русской культуры: XVIII - начало XIX века
_cсост. А. Д. Кошелев
260 _aМосква
_bШкола "Языки русской культуры"
_c1996
300 _a832 с.
505 _gт. 4
650 7 _2UDC
942 _cBK
_2udc
955 _a0
999 _c308296
_d308296